Liste aller Pokebälle - Statistiken

Allgemein
  • Dieses Quiz wurde 109 mal gespielt
  • Das Durchschnittsergebnis liegt bei 16 aus 28
Antwortstatistiken
Hinweis Pokeball % Korrekt
Standardball Pokeball
99%
100% Fangquote Meisterball
97%
blau & rote Akzente Superball
96%
senfgelb & grau Hyperball
94%
Käfer & Wasser Netzball
82%
Nacht & Höhle Finsterball
81%
Genesung Heilball
76%
Mondstein Mondball
75%
gratis bei Massenkauf Premierball
71%
für gewichtige Pokémon Schwerball
71%
Unterwasser Tauchball
71%
effektiv zu Kampfbeginn Flottball
68%
schwarz mit Streifen / wirkt "teuer" Luxusball
68%
erhöht Zuneigung Freundesball
65%
Tarnfarbenmuster Safariball
65%
für lange Kämpfe Timerball
65%
für schwache Pokémon Nestball
59%
nicht für normale Pokémon Ultraball
43%
Angel Köderball
35%
Events & rot Jubelball
32%
gelb & grau mit einem V Levelball
26%
für schlafende Pokémon Traumball
26%
für schnelle Pokémon Turboball
26%
Käferturnier Turnierball
25%
Kette-/Unendlich - Zeichen Wiederball
25%
Herzdesign Sympaball
24%
Freundepark Parkball
19%
Pokémon Colosseum Krallball
9%
Keine übereinstimmenden Quizze gefunden
Verteilung der Resultate
Anzahl Personen mit jedem Resultat
Perzentil nach korrekt beantworteten Fragen
Ihre Resultats-Entwicklung
Sie haben dieses Quiz noch nicht gespielt